| 000 | 01505nam a22002777a 4500 | ||
|---|---|---|---|
| 001 | 1428 | ||
| 005 | 20240627155039.0 | ||
| 020 | _a9789996305658 | ||
| 040 |
_aFISKH _beng _cFISKH _dFISKH |
||
| 082 | _a523.2 | ||
| 100 | _aTanong, Sheena | ||
| 245 |
_aតើឯងឈ្មោះអី? / _cនិពន្ធដោយ ស៊ីណា តាណុ - គូររូបដោយ រូយ ហាយ៉ាស៊ី - បកប្រែពីភាសាអង់គ្លេសដោយ អ៊ូច សូដានី |
||
| 250 | _aបោះពុម្ពលើកទី ៧ តុលា ២០២១ | ||
| 260 |
_aJapan ; _bSipar, _c2004. |
||
| 300 |
_a25 pages : _bcolor illustrations ; _c27 cm |
||
| 490 | _aតស់អាន ! | ||
| 505 | _aJ | ||
| 520 | _aសត្វនិមួយបានសួរគ្នាទៅវិញទៅមក តើឯងឈ្មោះអ្វី? មិនមែនជាឈ្មោះសត្វដែលយើងតែងហៅនោះទេ គឺជាឈ្មោះដែលឪពុកម្ដាយជាអ្នកដាក់ឳ្យ។ | ||
| 520 | _aEach animal asked each other, What is your name? Not the names of the animals we call, but the names of the parents given. | ||
| 521 |
_a500
_bLexile estimate |
||
| 521 |
_aJ
_bRaz-Plus |
||
| 650 |
_aឈ្មោះ _vសួរ _xអោយឈ្មោះ |
||
| 650 |
_aName _vAsk _xGiven |
||
| 700 |
_aHayashi, Rui _cillustrator |
||
| 942 |
_2ddc _cBK _n0 |
||
| 999 |
_c1428 _d1428 |
||